000 00273nam a2200109Ia 4500
008 231120s2019 xx 000 0 und d
041 _aeng
100 _aMARYLIN SCOTT
245 _aTHE ACRYLIC ARTISTS BIBLE
260 _aSEARCH PRESS
_bSEARCH PRESS
_c2019
300 _aP-192
999 _c933447
_d933447